[Event "AUTO-MASTER-3028"]
[Site "http://www.queenalice.com/game.php?id=1643841"]
[Date "2021.2.16"]
[Round "1"]
[White "roserl"]
[Black "Donyelko"]
[Result "0-1"]
[WhiteElo "2010"]
[BlackElo "2010"]

1. e4 e5 2. Nf3 Nc6 3. Bb5 a6 4. Ba4 b5 5. Bb3 Bc5 6. O-O Nf6 7. c3 Nxe4 8. d4
exd4 9. cxd4 Be7 10. Re1 Nd6 11. a3 O-O 12. Nc3 Na5 13. Bc2 c6 14. b3 Bf6 15.
Bb2 Re8 16. Qd2 Re6 17. Qd3 g6 18. Qd2 Nf5 19. Bxf5 gxf5 20. Qf4 d5 21. Nd2 Bg5
22. Qg3 f4 23. Qf3 Ra7 24. Ne2 Rae7 25. Kf1 Qe8 26. a4 Nb7 27. axb5 axb5 28. Ba3
Rc7 29. Qd3 Qd8 30. Nf3 f6 31. Bb4 Nd6 32. Neg1 Rxe1+ 33. Rxe1 Bf5 34. Qc3 Ne4
35. Qb2 c5 36. dxc5 Nxc5 37. Nd4 Nd3 38. Qa3 Nxe1 39. Bxe1 Bd3+ 40. Nge2 Qe8 41.
Qd6 Bxe2+ 42. Nxe2 Rd7 43. Qb4 Re7 44. Qxb5 Qxb5 0-1

[Event "AUTO-MASTER-3028"]
[Site "http://www.queenalice.com/game.php?id=1643850"]
[Date "2021.2.16"]
[Round "1"]
[White "cerenzo72"]
[Black "roserl"]
[Result "1-0"]
[WhiteElo "2097"]
[BlackElo "1972"]

1. e4 c5 2. Nf3 Nc6 3. d4 cxd4 4. Nxd4 Nf6 5. Nc3 e6 6. Ndb5 d6 7. Bf4 e5 8. Bg5
a6 9. Bxf6 gxf6 10. Na3 b5 11. Nd5 Bg7 12. Qf3 Nd4 13. Qg3 O-O 14. c3 Ne6 15.
Nc2 Kh8 16. Nce3 Ng5 17. Bd3 Rg8 18. f4 Ne6 19. fxe5 fxe5 20. Nf5 Bf6 21. Qh3
Ng5 22. Qh5 Bxf5 23. exf5 e4 24. Bc2 e3 25. Nxe3 Qe7 26. Qe2 Rae8 27. Kf2 Ne4+
28. Kg1 Ng5 29. Re1 Nh3+ 30. Kf1 Nf4 31. Qf3 Be5 32. g3 Nh3 33. Ng4 Ng5 34. Qd3
f6 35. h4 Nf7 36. Nxe5 dxe5 37. Bb3 Rg7 38. Bd5 Nd6 39. Kg2 Rd8 40. Rd1 Nc4 41.
Qe2 Qc5 42. Bxc4 Rxd1 43. Qxd1 Qxc4 44. Qd8+ Qg8 45. Qxf6 Qd5+ 46. Kh2 Qxa2 47.
Qxe5 Qxb2+ 48. Kh3 h6 49. f6 1-0

[Event "AUTO-MASTER-3028"]
[Site "http://www.queenalice.com/game.php?id=1643851"]
[Date "2021.2.16"]
[Round "1"]
[White "roserl"]
[Black "cerenzo72"]
[Result "0-1"]
[WhiteElo "1984"]
[BlackElo "2085"]

1. e4 c5 2. Nf3 d6 3. d4 Nf6 4. Nc3 cxd4 5. Nxd4 g6 6. f3 Bg7 7. Be3 O-O 8. Qd2
Nc6 9. O-O-O Nxd4 10. Bxd4 e5 11. Be3 Ne8 12. h4 h5 13. Be2 Be6 14. Kb1 a6 15.
g4 hxg4 16. fxg4 Nf6 17. h5 Bxg4 18. h6 Bxe2 19. Qxe2 Bh8 20. Bg5 Qd7 21. Rdf1
Nh7 22. Be3 b5 23. Nd5 Rad8 24. Rhg1 Qb7 25. Bg5 Nxg5 26. Rxg5 Kh7 27. Rh1 f6
28. Rgg1 g5 29. Qg4 Qd7 30. Qe2 Qf7 31. Rf1 Qe6 32. Rf5 Rc8 33. c3 Rg8 34. Qe3
Qf7 35. Qf2 Rg6 36. Qh2 g4 37. Qg3 Rcg8 38. Ne3 Rg5 39. Rxg5 Rxg5 40. Nxg4 Qg6
41. Rg1 Qxe4+ 42. Ka1 f5 43. Qh4 Rxg4 44. Qe7+ Kxh6 45. Qe6+ Kg5 46. Qg8+ Kf4
47. Rf1+ Ke3 48. Re1+ Kd2 0-1

[Event "AUTO-MASTER-3032"]
[Site "http://www.queenalice.com/game.php?id=1645852"]
[Date "2021.3.6"]
[Round "1"]
[White "edkgpp"]
[Black "roserl"]
[Result "1-0"]
[WhiteElo "2369"]
[BlackElo "2110"]

1. d4 d5 2. c4 e6 3. Nc3 Nf6 4. Bg5 Be7 5. e3 O-O 6. Nf3 c5 7. dxc5 Bxc5 8. cxd5
Be7 9. dxe6 Bxe6 10. Qxd8 Rxd8 11. Nd4 Bg4 12. Be2 Bxe2 13. Kxe2 h6 14. Bh4 g5
15. Bg3 a6 16. Rhd1 Nbd7 17. Nf5 Bf8 18. Bd6 Kh7 19. Bxf8 Rxf8 20. Nd6 b5 21.
Rac1 Nb6 22. Nde4 Nxe4 23. Nxe4 Kg7 24. Nd6 Kg6 25. Rc6 Na4 26. b3 Nb2 27. Rd2
1-0

[Event "AUTO-MASTER-3032"]
[Site "http://www.queenalice.com/game.php?id=1645853"]
[Date "2021.3.6"]
[Round "1"]
[White "roserl"]
[Black "edkgpp"]
[Result "0-1"]
[WhiteElo "2079"]
[BlackElo "2337"]

1. e4 e5 2. Nf3 Nf6 3. d4 Nxe4 4. Bd3 d5 5. Nxe5 Nd7 6. Nxd7 Bxd7 7. O-O Qf6 8.
c3 O-O-O 9. Bxe4 dxe4 10. Nd2 Qe6 11. Re1 f5 12. Qe2 Re8 13. Nc4 Rg8 14. a4 g5
15. Ne5 Bd6 16. Nxd7 Qxd7 17. Qh5 f4 18. h3 g4 19. hxg4 Rxg4 20. f3 Rxg2+ 21.
Kxg2 exf3+ 22. Qxf3 Rxe1 23. b4 Qg7+ 0-1

[Event "AUTO-MASTER-3032"]
[Site "http://www.queenalice.com/game.php?id=1645866"]
[Date "2021.3.6"]
[Round "1"]
[White "roserl"]
[Black "cerenzo72"]
[Result "1-0"]
[WhiteElo "2008"]
[BlackElo "2075"]

1. e4 c5 2. Nf3 Nc6 3. d4 cxd4 4. Nxd4 Nf6 5. Nc3 e5 6. Ndb5 d6 7. Bg5 a6 8.
Bxf6 gxf6 9. Na3 b5 10. Nd5 f5 11. Bd3 Be6 12. c4 bxc4 13. Nxc4 fxe4 14. Bxe4
Bxd5 15. Bxd5 Rc8 16. Qf3 Qc7 17. O-O Nd4 18. Qh5 h6 19. Rac1 Qe7 20. Nxd6+ Qxd6
21. Rxc8+ Kd7 22. Bb7 Qe6 23. Rfc1 Bg7 24. Rxh8 Bxh8 25. Qd1 Qxa2 26. Qd2 Qe6
27. Bc8+ Ke7 28. Bxe6 Nxe6 29. Qxh6 Bg7 30. Qe3 f5 31. Qa7+ Kf6 32. Qxa6 Kf7 33.
b4 Nd4 34. Rc7+ Kg8 35. Qa8+ Kh7 36. Qa7 Ne6 37. Re7 1-0

[Event "AUTO-MASTER-3032"]
[Site "http://www.queenalice.com/game.php?id=1645867"]
[Date "2021.3.6"]
[Round "1"]
[White "cerenzo72"]
[Black "roserl"]
[Result "1-0"]
[WhiteElo "2064"]
[BlackElo "2053"]

1. b3 d5 2. Bb2 Nf6 3. e3 e6 4. Nf3 Bd6 5. Be2 O-O 6. Nc3 a6 7. O-O c5 8. a4 Nc6
9. a5 Nxa5 10. Na4 b5 11. Bxf6 Qxf6 12. Nxc5 Bxc5 13. Rxa5 Bb6 14. Ra1 e5 15. d4
exd4 16. exd4 Bg4 17. c3 Rac8 18. Qd3 Ba7 19. Rfe1 Bf5 20. Qd2 Bb8 21. Bd3 Bg4
22. Ng5 g6 23. f3 Bf5 24. Bxf5 Qxf5 25. Nh3 Qf6 26. Re2 Ba7 27. Kh1 Rfe8 28.
Rxe8+ Rxe8 29. Nf4 Qd6 30. g3 Bb8 31. Kg2 Qc6 32. Nd3 f6 33. Nc5 Bd6 34. Rxa6
Qc7 35. b4 Bf8 36. Rxf6 Qe7 37. Re6 Qf7 38. Rxe8 Qxe8 39. Kf2 Qc8 40. Qd3 Qc6
41. Qe2 1-0

[Event "AUTO-MASTER-3032"]
[Site "http://www.queenalice.com/game.php?id=1645868"]
[Date "2021.3.6"]
[Round "1"]
[White "roserl"]
[Black "mascarade"]
[Result "0-1"]
[WhiteElo "1961"]
[BlackElo "2325"]

1. e4 e5 2. Nf3 Nc6 3. Bb5 Nge7 4. O-O d6 5. d4 a6 6. Bxc6+ bxc6 7. dxe5 Ng6 8.
exd6 Bxd6 9. Re1 O-O 10. e5 Nxe5 11. Nxe5 Bxe5 12. Qf3 Qd6 13. g3 Be6 14. c3 Bd5
15. Qf5 Bf6 16. Bf4 Qd8 17. Nd2 Be6 18. Rxe6 fxe6 19. Qxe6+ Kh8 20. Qxc6 Bg5 21.
Bxg5 Qxg5 22. Ne4 Qf5 23. Rf1 Qf3 24. Qc4 Rad8 25. Nc5 Rd2 26. Ne4 Rd1 27. Rxd1
Qxd1+ 28. Kg2 Qc2 29. b4 Re8 30. Nc5 Qg6 31. Nxa6 Rf8 32. a4 Qc2 33. Qd4 Qxa4
34. Nc5 Qc6+ 35. Kg1 Re8 36. Qd2 h5 37. h4 Qf3 38. Qd4 Re1+ 0-1

[Event "AUTO-MASTER-3032"]
[Site "http://www.queenalice.com/game.php?id=1645869"]
[Date "2021.3.6"]
[Round "1"]
[White "mascarade"]
[Black "roserl"]
[Result "1-0"]
[WhiteElo "2290"]
[BlackElo "1959"]

1. Nf3 d5 2. d4 Nf6 3. e3 e6 4. Be2 a6 5. O-O Be7 6. b3 O-O 7. Bb2 h6 8. a4 c5
9. dxc5 Bxc5 10. Ba3 Bxa3 11. Nxa3 Nc6 12. c3 Qc7 13. b4 Ne5 14. Rc1 Nxf3+ 15.
Bxf3 Bd7 16. c4 dxc4 17. Nxc4 Bc6 18. Bxc6 Qxc6 19. Ne5 Qe4 20. Qd4 Qf5 21. Nd7
Nxd7 22. Qxd7 Rab8 23. Rc5 Qg4 24. Qd2 Rfd8 25. Qc3 Rd7 26. Rc8+ Rd8 27. Rxb8
Rxb8 28. Qc7 Rf8 29. Qxb7 h5 30. h3 Qc4 31. a5 Qc8 32. Qf3 g6 33. g4 hxg4 34.
hxg4 Kg7 35. Qf4 f6 36. Rd1 e5 37. Qe4 Rh8 38. g5 Qc7 39. gxf6+ Kxf6 40. Kg2 Rh5
41. Qd3 Rg5+ 42. Kf1 Qc8 43. Qd8+ Qxd8 44. Rxd8 1-0

[Event "AUTO-MASTER-3034"]
[Site "http://www.queenalice.com/game.php?id=1646649"]
[Date "2021.3.14"]
[Round "1"]
[White "roserl"]
[Black "askasl159"]
[Result "1-0"]
[WhiteElo "2027"]
[BlackElo "1657"]

1. e4 e5 2. Nf3 Nc6 3. Bb5 Nge7 4. O-O a6 5. Ba4 b5 6. Bb3 h6 7. c3 d5 8. exd5
Nxd5 9. Re1 Bg4 10. d4 f6 11. dxe5 Nde7 12. exf6 Qxd1 13. Bxd1 gxf6 14. h3 Bxf3
15. Bxf3 O-O-O 16. Bf4 Bg7 17. Na3 Rd7 18. Nc2 Nd5 19. Bg3 f5 20. Rad1 Rhd8 21.
Bh4 Bf6 22. Bxf6 Nxf6 23. Rxd7 Kxd7 24. Rd1+ Ke7 25. Rxd8 Nxd8 26. Nd4 f4 27.
Nf5+ Ke6 28. Nxh6 c5 29. Ng4 Nxg4 30. Bxg4+ Ke5 31. f3 Nf7 32. Kf2 Nh6 33. Bc8
a5 34. g4 b4 35. cxb4 axb4 36. h4 1-0

[Event "AUTO-MASTER-3034"]
[Site "http://www.queenalice.com/game.php?id=1646650"]
[Date "2021.3.14"]
[Round "1"]
[White "askasl159"]
[Black "roserl"]
[Result "1-0"]
[WhiteElo "1558"]
[BlackElo "2037"]

1. e4 c5 2. c3 Nc6 3. d4 cxd4 4. cxd4 d5 5. e5 a6 6. h3 e6 7. Nf3 Nge7 8. Bd3
Qb6 9. Bc2 Na5 10. b3 Nac6 11. Bb2 Bd7 12. O-O Rc8 13. Nc3 Qb4 14. a3 Qb6 15.
Na4 Qc7 16. Nc5 Ng6 17. Bxg6 hxg6 18. b4 Be7 19. Qd2 Nb8 20. Rac1 Nc6 21. Nb3
Qd8 22. Nc5 O-O 23. Nxb7 Qc7 24. Nc5 Qa7 25. Rc2 Nb8 26. Rfc1 a5 27. Nxd7 Qxd7
28. Rxc8 Rxc8 29. Rxc8+ Qxc8 30. b5 Qc7 31. a4 Nd7 32. Bc3 Qc4 33. Bxa5 Qxa4 34.
b6 Qb5 35. Qc3 Nxb6 36. Bxb6 1-0

[Event "AUTO-MASTER-3034"]
[Site "http://www.queenalice.com/game.php?id=1646651"]
[Date "2021.3.14"]
[Round "1"]
[White "roserl"]
[Black "pomar"]
[Result "0-1"]
[WhiteElo "2025"]
[BlackElo "1939"]

1. e4 e6 2. d4 d5 3. Nc3 Bb4 4. e5 c5 5. a3 cxd4 6. axb4 dxc3 7. Nf3 cxb2 8.
Bxb2 Ne7 9. Bd3 Nbc6 10. Qd2 Ng6 11. O-O O-O 12. b5 Nce7 13. Ba3 Re8 14. Bd6 Bd7
15. c4 b6 16. Ra3 Nc8 17. Bb4 Qc7 18. Qc3 Nce7 19. Bd6 Qd8 20. Rfa1 Nc8 21. cxd5
Nxd6 22. exd6 exd5 23. Rxa7 Rxa7 24. Rxa7 Re6 25. Qa3 Nf8 26. Ra8 Qf6 27. Qa7
Qc3 28. Qxd7 Qxd3 29. h3 Qd1+ 30. Kh2 Qc1 31. Qd8 Qf4+ 32. g3 Qxd6 33. Qh4 Qc5
34. Nd4 Re4 35. Nb3 Qxf2+ 0-1

[Event "AUTO-MASTER-3034"]
[Site "http://www.queenalice.com/game.php?id=1646652"]
[Date "2021.3.14"]
[Round "1"]
[White "pomar"]
[Black "roserl"]
[Result "1-0"]
[WhiteElo "2000"]
[BlackElo "2084"]

1. f3 e5 2. Kf2 d5 3. e3 Bc5 4. c4 d4 5. Qb3 Nc6 6. Bd3 Nb4 7. Ke2 Nf6 8. a3
Nxd3 9. Qxd3 O-O 10. b4 Be7 11. Bb2 c5 12. bxc5 Bxc5 13. e4 Qb6 14. Qc2 Be6 15.
d3 a6 16. Nd2 Nh5 17. g3 Qd8 18. Kf2 f5 19. Kg2 Qg5 20. Nh3 Nf4+ 21. Nxf4 exf4
22. Nb3 fxe4 23. dxe4 Bd6 24. Nxd4 Bd7 25. Rad1 fxg3 26. h4 Qe7 27. Ne2 Qf6 28.
Bxf6 1-0

[Event "AUTO-MASTER-3034"]
[Site "http://www.queenalice.com/game.php?id=1646653"]
[Date "2021.3.14"]
[Round "1"]
[White "roserl"]
[Black "tariann"]
[Result "0-1"]
[WhiteElo "1991"]
[BlackElo "2212"]

1. e4 e5 2. Nf3 Nc6 3. Bb5 f5 4. Nc3 Nf6 5. d3 d6 6. Bg5 Be7 7. O-O O-O 8. Bxf6
Bxf6 9. Bc4+ Kh8 10. h3 Na5 11. Bb3 Nxb3 12. axb3 Qe8 13. Nd5 Qf7 14. Nc3 a6 15.
Nd5 Be6 16. Nc3 Qg6 17. Kh1 fxe4 18. dxe4 Be7 19. Qd3 c6 20. Nd2 Rf7 21. Ne2
Raf8 22. f3 d5 23. c3 Bg5 24. Rad1 Bxd2 25. Rxd2 dxe4 26. Qe3 exf3 27. Rxf3 Rxf3
28. gxf3 Bxh3 29. Ng1 Qe6 30. Rh2 Bf5 31. Ne2 e4 32. Nd4 Qd5 33. c4 Qf7 34. Nxf5
Qxf5 0-1

[Event "AUTO-MASTER-3034"]
[Site "http://www.queenalice.com/game.php?id=1646654"]
[Date "2021.3.14"]
[Round "1"]
[White "tariann"]
[Black "roserl"]
[Result "0-1"]
[WhiteElo "2219"]
[BlackElo "2029"]

1. e4 c5 2. Nf3 Nc6 3. d4 cxd4 4. Nxd4 Nf6 5. Nc3 d6 6. Be2 g6 7. O-O Bg7 8. Be3
O-O 9. Qd2 a6 10. h3 Qc7 11. Rfd1 Bd7 12. Nb3 b5 13. Nd5 Nxd5 14. exd5 Ne5 15.
Nd4 Nc4 16. Qc1 Rac8 17. Bxc4 Qxc4 18. Nb3 Qxc2 19. Qxc2 Rxc2 20. Rac1 Rxb2 21.
Rc7 Bc8 22. Rxe7 Rxa2 23. Rc1 a5 24. Bf4 a4 25. Na5 Rd8 26. Nc6 Kf8 27. Rxf7+
Kxf7 28. Nxd8+ Ke8 29. Rxc8 Kd7 30. Rb8 b4 31. Rxb4 Kxd8 32. Bxd6 a3 33. Rb8+
Kd7 34. Bxa3 Ra1+ 35. Kh2 Be5+ 0-1

[Event "AUTO-MASTER-3020"]
[Site "http://www.queenalice.com/game.php?id=1648873"]
[Date "2021.4.6"]
[Round "2"]
[White "roserl"]
[Black "Fauquinelle"]
[Result "1-0"]
[WhiteElo "1994"]
[BlackElo "1942"]

1. e4 c5 2. Nf3 d6 3. d4 cxd4 4. Nxd4 g6 5. Be3 Bg7 6. Nc3 Nc6 7. Bb5 Bd7 8. Qd2
Ne5 9. Bxd7+ Qxd7 10. b3 Nf6 11. O-O O-O 12. f3 a6 13. Nce2 Nc6 14. Rad1 Rac8
15. c4 Rfd8 16. Rfe1 Ne5 17. h3 Nxf3+ 18. gxf3 Qxh3 19. Nf4 Qd7 20. Kg2 e5 21.
Rh1 exd4 22. Bxd4 Ne8 23. Bxg7 Kxg7 24. Nd5 Rc6 25. Qd4+ Kg8 26. Rxh7 1-0

[Event "AUTO-MASTER-3020"]
[Site "http://www.queenalice.com/game.php?id=1648874"]
[Date "2021.4.6"]
[Round "2"]
[White "Fauquinelle"]
[Black "roserl"]
[Result "1-0"]
[WhiteElo "1908"]
[BlackElo "1956"]

1. e4 c5 2. Nc3 Nc6 3. g3 g6 4. Bg2 Bg7 5. Nf3 d6 6. O-O Nf6 7. Re1 Nd7 8. Ne2
O-O 9. c3 e5 10. d4 Qc7 11. d5 Ne7 12. c4 a6 13. Qa4 Nf6 14. Nc3 Bd7 15. Qc2 b5
16. b3 b4 17. Na4 Bxa4 18. bxa4 Rab8 19. Bg5 h6 20. Be3 Nd7 21. a3 a5 22. Nd2 f5
23. exf5 gxf5 24. Nb3 Nf6 25. h3 Qd7 26. Nxa5 Ne4 27. Bxe4 fxe4 28. axb4 Rxb4
29. Bd2 Rb6 30. Rxe4 Nf5 31. Nc6 Ne7 32. Nxe7+ Qxe7 33. Rg4 Qf6 34. Be3 e4 35.
Rb1 Rxb1+ 36. Qxb1 1-0

[Event "AUTO-ADV-4303"]
[Site "http://www.queenalice.com/game.php?id=1759039"]
[Date "2021.5.9"]
[Round "2"]
[White "roserl"]
[Black "diegem"]
[Result "0-1"]
[WhiteElo "1912"]
[BlackElo "2032"]

1. e4 e5 2. Nf3 Nc6 3. Bb5 Nf6 4. O-O d6 5. d4 Bd7 6. Nc3 exd4 7. Nxd4 Ne5 8.
Bxd7+ Qxd7 9. Bg5 Be7 10. Qd2 Nc4 11. Qc1 Ne5 12. Nf5 h6 13. Nxg7+ Kf8 14. Bxh6
Nh7 15. Nd5 Kg8 16. Nf5 Bf6 17. Nxf6+ Nxf6 18. Qg5+ Ng6 19. Qxf6 Rh7 20. Bg5 Re8
21. Rae1 Re6 22. Qc3 c6 0-1

[Event "AUTO-ADV-4303"]
[Site "http://www.queenalice.com/game.php?id=1759040"]
[Date "2021.5.9"]
[Round "2"]
[White "diegem"]
[Black "roserl"]
[Result "1-0"]
[WhiteElo "2020"]
[BlackElo "1924"]

1. e4 c5 2. Nf3 Nc6 3. Nc3 e6 4. Be2 a6 5. O-O d6 6. d3 Be7 7. a3 Nf6 8. Re1 Qc7
9. Bg5 O-O 10. Rb1 Bd7 11. Bxf6 Bxf6 12. Na2 b5 13. Bf1 a5 14. Nc3 Nd4 15. Be2
Nxe2+ 16. Nxe2 b4 17. axb4 axb4 18. b3 Ra3 19. Ng3 Rfa8 20. Nd2 Ra1 21. Rxa1
Rxa1 22. Qe2 1-0

[Event "AUTO-MASTER-3020"]
[Site "http://www.queenalice.com/game.php?id=1767419"]
[Date "2021.8.20"]
[Round "3"]
[White "Diego_Silveira"]
[Black "roserl"]
[Result "1-0"]
[WhiteElo "2183"]
[BlackElo "1884"]

1. Nf3 d5 2. c4 e6 3. d4 Nf6 4. Bg5 Be7 5. Nc3 O-O 6. e3 c5 7. dxc5 Qa5 8. Qc2
h6 9. Bh4 Qxc5 10. cxd5 Nxd5 11. Bxe7 Nxe7 12. Rc1 Nbc6 13. a3 Bd7 14. Be2 Rac8
15. O-O a6 16. Rfd1 Rfd8 17. Ne4 Qxc2 18. Rxc2 Be8 19. Nd6 Rb8 20. Nxe8 Rxe8 21.
Nd4 Nxd4 22. Rxd4 Nd5 23. e4 Nf6 24. Bf3 1-0

[Event "AUTO-MASTER-3020"]
[Site "http://www.queenalice.com/game.php?id=1767420"]
[Date "2021.8.20"]
[Round "3"]
[White "roserl"]
[Black "Diego_Silveira"]
[Result "0-1"]
[WhiteElo "1888"]
[BlackElo "2185"]

1. e4 c6 2. d4 d5 3. e5 Bf5 4. Bd3 Bxd3 5. Qxd3 e6 6. f4 Qa5+ 7. c3 Qa6 8. Qxa6
Nxa6 9. Nf3 c5 10. O-O cxd4 11. cxd4 Nb4 12. Nc3 Rc8 13. a3 Nd3 14. Rd1 Nxc1 15.
Raxc1 a6 16. Na4 Rc6 17. Rxc6 bxc6 18. Rc1 Kd7 19. Nc5+ Bxc5 20. Rxc5 Ne7 21. g4
Rb8 22. b4 Ng6 23. f5 Nf4 24. Kf1 h6 25. Ra5 Rb6 26. Kf2 Nd3+ 27. Ke3 Nc1 28.
Nd2 Kc7 29. h4 Kb7 0-1

[Event "AUTO-MASTER-3020"]
[Site "http://www.queenalice.com/game.php?id=1767421"]
[Date "2021.8.20"]
[Round "3"]
[White "Fauquinelle"]
[Black "roserl"]
[Result "1-0"]
[WhiteElo "1976"]
[BlackElo "1901"]

1. c4 Nf6 2. d4 e6 3. Nf3 b6 4. g3 Bb7 5. Bg2 Be7 6. O-O O-O 7. b3 d5 8. Nbd2 c5
9. Bb2 Nc6 10. Rc1 Rc8 11. e3 h6 12. Ne5 Qc7 13. cxd5 exd5 14. Nxc6 Bxc6 15. Nb1
Rfd8 16. Nd2 Qb7 17. Nf3 Ne4 18. Ne5 f6 19. Nd3 Be8 20. f3 Ng5 21. h4 Nf7 22.
Nf4 Nd6 23. Rf2 c4 24. Rfc2 b5 25. bxc4 bxc4 26. Bc3 Ba4 27. Ne6 Bxc2 28. Qxc2
Re8 29. f4 Nb5 30. Rb1 Qa6 31. Rb2 Nxc3 32. Qxc3 Qxe6 33. Rb5 Red8 34. Kh2 Rb8
35. Rxb8 Rxb8 36. Qa5 Rb2 37. Kh1 1-0

[Event "AUTO-MASTER-3020"]
[Site "http://www.queenalice.com/game.php?id=1767422"]
[Date "2021.8.20"]
[Round "3"]
[White "roserl"]
[Black "Fauquinelle"]
[Result "0-1"]
[WhiteElo "1942"]
[BlackElo "1904"]

1. e4 c5 2. Nf3 e6 3. d4 cxd4 4. Nxd4 Nc6 5. Nb5 d6 6. N1c3 a6 7. Na3 Nf6 8. Bg5
Be7 9. Bd3 O-O 10. O-O Nd7 11. Bxe7 Qxe7 12. Nc4 b5 13. Nd2 Nce5 14. f4 Nxd3 15.
cxd3 Bb7 16. a3 Nc5 17. Nf3 Rfd8 18. b4 d5 19. Qe2 dxe4 20. dxe4 Rd3 21. Ne1
Rxc3 22. bxc5 Qxc5+ 23. Kh1 Rxa3 24. Nf3 Re3 25. Qf2 Rc8 0-1